000 00666nam a22002417a 4500
003 UA-OsUOA
001 61289
007 ta
008 20090625b un ||||| |||| 00| 0 ukr d
100 _aБульвінський А. Г.
090 _a94(477+470):327
_bБ90
942 _cBK
040 _aUA-OsUOA
_bukr
_cUA-OsUOA
_dUA-OsUOA
245 _aУкраїнсько-російські взаємини 1657 - 1659 рр.
300 _a680 с.
955 _a2
041 _aukr
080 _a94(477+470):327
020 _a978-966-518-641-6
260 _aК.
_c2008
650 7 _a9 Географія. Біографії. Історія
_2UDC
999 _c347291
_d347291